000 00434nam a2200133 4500
008 151012b xxu||||| |||| 00| 0 eng d
050 _aSPE PR 6063.M9 1987
100 _aMortimer, Penelope.
_d1967.
245 _aMy friend says it's bulletproof/
_cPenelope Mortimer.
260 _aNew York:
_bRandom House,
_c1967.
300 _a209 p.
650 _aEnglish fiction.
942 _2lcc
_cSH_L_BOOKS
_hSPE PR 6063.M9 1987
999 _c8442
_d8442